000 01998cam a2200361 a 4500
999 _c6743
_d6743
001 34356784
003 OCoLC
005 20190119160823.0
008 960307s1997 nmua b 101 0 eng
010 _a96009995 //r97
020 _a0826317669
035 _a.b47600184
040 _aDLC
_cDLC
043 _an-us-nm
049 _aOSUU
050 0 0 _aBL2527.N6
_bR45 1997
050 0 0 _aBL2527.N6
_bR45 1997
082 0 0 _a200.97
_220
_bS996R
245 0 0 _aReligion in modern New Mexico /
_cedited by Ferenc M. Szasz and Richard W. Etulain
250 _a1st ed
260 _aAlbuquerque :
_bUniversity of New Mexico Press,
_cc1997
300 _aix, 217 p. :
_bill. ;
_c25 cm
500 _a"Published in cooperation with the University of New Mexico Center for the American West."
500 _aEssays first presented at a conference held at the University of New Mexico on September 11, 1993
504 _aIncludes bibliographical references (p. 197-209) and index
505 0 _aRoman Catholicism in modern New Mexico : a commitment to survive / Carol Jensen -- Protestantism in modern New Mexico / Randi Jones Walker -- The religious culture of the Jews in modern New Mexico / Henry J. Tobias -- Competition for the native American soul : the search for religious freedom in twentieth-century New Mexico / Kathleen Egan Chamberlain -- Mormons in twentieth-century New Mexico / Leonard J. Arrington -- A rhetorical approach to Protestant evangelism in twentieth-century New Mexico /Janice E. Schuetz -- Boomer dharma : the evolution of alternative spiritual communities in modern New Mexico / Stephen Fox -- The United States and New Mexico : a twentieth-century comparative religious history / Ferenc M. Szasz
651 0 _aNew Mexico
_xReligion
_xCongresses
651 0 _aNew Mexico
_xChurch history
_xCongresses
700 1 _aSzasz, Ferenc Morton,
_d1940-2010
700 1 _aEtulain, Richard W
710 2 _aUniversity of New Mexico.
_bCenter for the American West
942 _2ddc
_cBK